00525nam a22001817a 450000500170000000800410001704000070005804100080006508200210007310000280009424500510012226000540017330000240022736500540025144000130030565000080031865000170032620241216142510.0241216b ||||| |||| 00| 0 eng d cAL aeng 223a348.04bCHAA aJagjith Singh Chawla Ed aAll India Criminal Law Reporter: Vol 3 1985(1) aChandigarhbAll India Criminal Law Reporterc1985 a831 p.bPBc24X16cm 2Lawa1061b1723.00c₹d2360.29e27%f28-11-2024 aVolume 3 aLaw aCriminal Law